[Event "Bad Bevensen op"]
[Site "Bad Bevensen"]
[Date "2005.07.02"]
[Round "8"]
[White "Diskin, Semen"]
[Black "Rettler, Heinz"]
[Result "1-0"]
[WhiteElo "1995"]
[BlackElo "2089"]
[PlyCount "109"]
[EventDate "2005.06.25"]
[EventType "swiss"]
[EventRounds "9"]
[EventCountry "GER"]
[SourceTitle "EXT 2007"]
[Source "ChessBase"]
[SourceDate "2006.11.23"]
[SourceVersion "1"]
[SourceVersionDate "2006.11.23"]
[SourceQuality "1"]

1. e4 e6 2. d3 d5 3. Nd2 Nf6 4. Ngf3 Be7 5. e5 Nfd7 6. d4 c5 7. c3 Nc6 8. Be2 f6 9. exf6 Bxf6 10. Nb3 c4 11. Nbd2 0-0 12. 0-0 e5 13. dxe5 Ndxe5 14. Nxe5 Bxe5 15. Nf3 Bf6 16. Be3 Be6 17. Qd2 Qe7 18. Rad1 Rad8 19. Nd4 Nxd4 20. Bxd4 b5 21. Qe3 Bxd4 22. Rxd4 Rd7 23. Bf3 Qf6 24. Re1 Rd6 25. Red1 Rfd8 26. Rf4 Qe7 27. Qe5 Qd7 28. Rfd4 a5 29. Be2 Qf7 30. f4 Qf6 31. Qe3 Bf5 32. Bf3 Bd3 33. Re1 b4 34. Qe5 Qf7 35. Qe7 R6d7 36. Qxf7+ Kxf7 37. Re5 bxc3 38. bxc3 Rb8 39. Bxd5+ Rxd5 40. Rdxd5 Rb1+ 41. Kf2 Rb2+ 42. Kf3 Rxa2 43. Rxa5 Rc2 44. Reb5 h6 45. Rb7+ Kg6 46. Ra6+ Kh7 47. Raa7 h5 48. Rxg7+ Kh6 49. Rge7 Rxc3 50. Ra6+ Bg6+ 51. Re3 Rxe3+ 52. Kxe3 Kg7 53. Rxg6+ Kxg6 54. Kd4 Kf5 55. g3 1-0

[Event "Bad Bevensen op"]
[Site "Bad Bevensen"]
[Date "2005.07.01"]
[Round "7"]
[White "Rettler, Heinz"]
[Black "Ljubarskaya, Ludmilla"]
[Result "1/2-1/2"]
[WhiteElo "2089"]
[BlackElo "2160"]
[PlyCount "28"]
[EventDate "2005.06.25"]
[EventType "swiss"]
[EventRounds "9"]
[EventCountry "GER"]
[SourceTitle "EXT 2007"]
[Source "ChessBase"]
[SourceDate "2006.11.23"]
[SourceVersion "1"]
[SourceVersionDate "2006.11.23"]
[SourceQuality "1"]

1. e4 e5 2. Nf3 Nc6 3. Bb5 d6 4. d4 Bd7 5. Nc3 exd4 6. Nxd4 Nf6 7. Bxc6 bxc6 8. 0-0 Be7 9. b3 0-0 10. Bb2 Re8 11. Qd3 Bf8 12. Rfe1 g6 13. Rad1 Bg7 14. Ba1 Ng4 1/2-1/2

[Event "Bad Sooden-Allendorf Seniors op 16th"]
[Site "Bad Sooden-Allendorf"]
[Date "2004.04.30"]
[Round "9"]
[White "Rettler, Heinz"]
[Black "Oldach, Ehrenfried"]
[Result "0-1"]
[WhiteElo "2109"]
[BlackElo "2046"]
[PlyCount "68"]
[EventDate "2004.04.22"]
[EventType "swiss"]
[EventRounds "9"]
[EventCountry "GER"]
[SourceTitle "EXT 2006"]
[Source "ChessBase"]
[SourceDate "2005.11.24"]
[SourceVersion "1"]
[SourceVersionDate "2005.11.24"]
[SourceQuality "1"]

1. e4 e5 2. Nf3 Nc6 3. Bb5 a6 4. Ba4 Nf6 5. 0-0 Be7 6. Re1 b5 7. Bb3 d6 8. h3 Na5 9. c3 Nxb3 10. Qxb3 Be6 11. Qc2 c5 12. d3 0-0 13. Nbd2 Nh5 14. Nf1 f5 15. Kh2 f4 16. Ng1 Qe8 17. f3 Bh4 18. Rd1 Ng3 19. Nxg3 Bxg3+ 20. Kh1 Rc8 21. Bd2 Qh5 22. Be1 g5 23. Qe2 Qh4 24. b3 h5 25. Bxg3 fxg3 26. Rf1 Rf4 27. Rac1 g4 28. fxg4 hxg4 29. Rxf4 exf4 30. Qf1 Rf8 31. Rc2 gxh3 32. Nf3 hxg2+ 33. Kxg2 Bh3+ 34. Kg1 Qh5 0-1

[Event "Bad Sooden-Allendorf Seniors op 16th"]
[Site "Bad Sooden-Allendorf"]
[Date "2004.04.26"]
[Round "5"]
[White "Rettler, Heinz"]
[Black "Franck, Rudolf"]
[Result "1/2-1/2"]
[WhiteElo "2109"]
[BlackElo "2197"]
[PlyCount "115"]
[EventDate "2004.04.22"]
[EventType "swiss"]
[EventRounds "9"]
[EventCountry "GER"]
[SourceTitle "EXT 2006"]
[Source "ChessBase"]
[SourceDate "2005.11.24"]
[SourceVersion "1"]
[SourceVersionDate "2005.11.24"]
[SourceQuality "1"]

1. e4 d6 2. d4 Nf6 3. Nc3 g6 4. f4 Bg7 5. Nf3 0-0 6. Bd3 Nbd7 7. 0-0 c5 8. dxc5 Nxc5 9. Kh1 b6 10. Qe1 Nxd3 11. cxd3 Ba6 12. Qe2 d5 13. e5 Ne4 14. Rd1 Nc5 15. Qe3 Qd7 16. d4 Ne6 17. Qe1 Rfc8 18. Be3 Bf8 19. Qd2 Ng7 20. Rg1 h5 21. h3 Nf5 22. Bf2 e6 23. Nh4 Bb4 24. Nxf5 exf5 25. Bh4 Rc4 26. a3 Bf8 27. Bf6 Rac8 28. Qd1 Bh6 29. Qd2 b5 30. Rgc1 Qc6 31. Be7 Bf8 32. Bxf8 Kxf8 33. Na2 Qb6 34. Rxc4 Rxc4 35. Rd1 Bc8 36. b3 Rc7 37. Rc1 Rxc1+ 38. Qxc1 Be6 39. Qc3 Ke8 40. b4 Kd7 41. Nc1 Qc6 42. Qxc6+ Kxc6 43. Nd3 Bc8 44. Nc5 Kc7 45. Kh2 Kd8 46. Kg3 Ke7 47. Kh4 f6 48. exf6+ Kxf6 49. g3 a6 50. Nd3 Bd7 51. Ne5 Be6 52. Nd3 Bd7 53. Nc1 Be6 54. Ne2 Bd7 55. Ng1 Bc8 56. Ne2 Bd7 57. Nc1 Be6 58. Nd3 1/2-1/2

[Event "Bad Sooden-Allendorf Seniors op 16th"]
[Site "Bad Sooden-Allendorf"]
[Date "2004.04.22"]
[Round "1"]
[White "Boettcher, Horst"]
[Black "Rettler, Heinz"]
[Result "0-1"]
[WhiteElo "1622"]
[BlackElo "2109"]
[PlyCount "52"]
[EventDate "2004.04.22"]
[EventType "swiss"]
[EventRounds "9"]
[EventCountry "GER"]
[SourceTitle "EXT 2006"]
[Source "ChessBase"]
[SourceDate "2005.11.24"]
[SourceVersion "1"]
[SourceVersionDate "2005.11.24"]
[SourceQuality "1"]

1. e4 e6 2. d4 d5 3. exd5 exd5 4. Bd3 Bd6 5. Nf3 Bg4 6. 0-0 Ne7 7. Bg5 f6 8. Be3 Nbc6 9. c3 Qd7 10. Re1 0-0-0 11. a4 Nf5 12. b4 Nxe3 13. Rxe3 Ne7 14. Bb5 c6 15. Bd3 Nf5 16. Bxf5 Qxf5 17. Nbd2 Qh5 18. b5 Bxh2+ 19. Kf1 Bd6 20. Kg1 Bh2+ 21. Kf1 Bf4 22. Re7 Rhe8 23. Rxe8 Qxe8 24. Ng1 Bxd1 25. Rxd1 Bxd2 26. Rxd2 Qh5 0-1

[Event "Mecklenburg VP-ch Seniors 03rd"]
[Site "Plau am See"]
[Date "2003.10.13"]
[Round "8"]
[White "Johannsen, Ingbert"]
[Black "Rettler, Heinz"]
[Result "1/2-1/2"]
[WhiteElo "2066"]
[BlackElo "2133"]
[PlyCount "80"]
[EventDate "2003.10.??"]
[EventType "swiss"]
[EventRounds "9"]
[EventCountry "GER"]
[SourceTitle "EXT 2006"]
[Source "ChessBase"]
[SourceDate "2005.11.24"]
[SourceVersion "1"]
[SourceVersionDate "2005.11.24"]
[SourceQuality "1"]

1. e4 e6 2. d4 d5 3. exd5 exd5 4. Nf3 Nf6 5. Bd3 Bg4 6. 0-0 Be7 7. Re1 0-0 8. Nbd2 Nbd7 9. b3 c6 10. c4 Re8 11. Qc2 Bd6 12. Bb2 Rxe1+ 13. Rxe1 Bxf3 14. Nxf3 h6 15. Ne5 Nf8 16. f4 N6d7 17. c5 Bxe5 18. fxe5 Ne6 19. Qf2 Qe7 20. Qf5 Ndf8 21. Rf1 Rd8 22. Qg4 Qg5 23. Qf3 Rd7 24. Qf2 Ng6 25. Bc1 Qh4 26. Qxh4 Nxh4 27. g3 Ng6 28. Be3 Ne7 29. h4 Rd8 30. b4 a6 31. Kg2 Ra8 32. a4 Ra7 33. g4 Ra8 34. Kg3 Re8 35. Rb1 Ra8 36. Be2 Kh7 37. Rf1 Kg8 38. g5 hxg5 39. hxg5 g6 40. Bg4 Ng7 1/2-1/2

[Event "Mecklenburg VP-ch Seniors 03rd"]
[Site "Plau am See"]
[Date "2003.10.11"]
[Round "6"]
[White "Kollberg, Lothar"]
[Black "Rettler, Heinz"]
[Result "1/2-1/2"]
[WhiteElo "2100"]
[BlackElo "2133"]
[PlyCount "117"]
[EventDate "2003.10.??"]
[EventType "swiss"]
[EventRounds "9"]
[EventCountry "GER"]
[SourceTitle "EXT 2006"]
[Source "ChessBase"]
[SourceDate "2005.11.24"]
[SourceVersion "1"]
[SourceVersionDate "2005.11.24"]
[SourceQuality "1"]

1. d4 Nf6 2. c4 g6 3. Nc3 d6 4. Nf3 Bg7 5. g3 0-0 6. Bg2 Nbd7 7. 0-0 e5 8. e4 c6 9. h3 Qc7 10. Be3 b6 11. Re1 Bb7 12. Rc1 a6 13. a3 Rfe8 14. d5 c5 15. Nd2 Kh8 16. b4 Ng8 17. g4 Rf8 18. Ne2 f6 19. Nf1 Rf7 20. Qd2 Nf8 21. bxc5 bxc5 22. Rb1 Bc8 23. Nfg3 Rb8 24. Nc3 Qa7 25. Qc2 Rfb7 26. Rxb7 Rxb7 27. Rb1 Qb8 28. Rxb7 Qxb7 29. f4 Bd7 30. fxe5 fxe5 31. g5 h6 32. Nge2 h5 33. Nc1 Nh7 34. Kh2 Bf8 35. Qb3 Qc7 36. Bd2 Be7 37. h4 Bd8 38. N3e2 Bg4 39. Bh3 Qd7 40. Qg3 Bxh3 41. Qxh3 Qxh3+ 42. Kxh3 Kg7 43. Nb3 Kf7 44. Kg3 Ke8 45. Ba5 Ne7 46. Bc3 Nf8 47. Kf3 Nd7 48. Ke3 Nb6 49. Kd3 Na4 50. Ba1 Kd7 51. Nc3 Nxc3 52. Bxc3 Bb6 53. Nd2 Bc7 54. Kc2 Kc8 55. Kb3 Kb7 56. Nf3 Nc8 57. Ne1 Ne7 58. Nd3 Nc8 59. Ne1 1/2-1/2

[Event "GER North-ch Seniors 6th"]
[Site "Bad Bevensen"]
[Date "2003.06.26"]
[Round "6"]
[White "Rettler, Heinz"]
[Black "Schenk, Manfred"]
[Result "1/2-1/2"]
[WhiteElo "2137"]
[BlackElo "2055"]
[PlyCount "87"]
[EventDate "2003.06.??"]
[EventType "swiss"]
[EventRounds "9"]
[EventCountry "GER"]
[SourceTitle "EXT 2006"]
[Source "ChessBase"]
[SourceDate "2005.11.24"]
[SourceVersion "1"]
[SourceVersionDate "2005.11.24"]
[SourceQuality "1"]

1. e4 c5 2. Nf3 Nc6 3. d4 cxd4 4. Nxd4 Nf6 5. Nc3 e5 6. Ndb5 d6 7. Bg5 a6 8. Na3 b5 9. Bxf6 gxf6 10. Nd5 f5 11. Bd3 Be6 12. c4 bxc4 13. Nxc4 Bxd5 14. exd5 Nd4 15. Qa4+ Ke7 16. Ne3 Qb6 17. Nxf5+ Nxf5 18. Bxf5 Qxb2 19. 0-0 Qd4 20. Qc6 Ra7 21. Rab1 Kf6 22. Bh3 Be7 23. Rfd1 Qf4 24. Rb3 Qe4 25. Rf3+ Kg7 26. Rg3+ Kf6 27. Re3 Qb4 28. Qc2 Bd8 29. Qf5+ Ke7 30. Qg5+ Ke8 31. Qg7 Rf8 32. Qxh7 Bb6 33. Rb3 Qc5 34. Qf5 Rc7 35. g3 Ba7 36. Rdb1 Qxd5 37. Bg2 Qe6 38. Qf3 Ke7 39. Rb7 Rfc8 40. Rxc7+ Rxc7 41. Rb7 Qc8 42. Rxc7+ Qxc7 43. Qb7 Qxb7 44. Bxb7 1/2-1/2

[Event "GER North-ch Seniors 6th"]
[Site "Bad Bevensen"]
[Date "2003.06.25"]
[Round "5"]
[White "Eidelmann, Vova"]
[Black "Rettler, Heinz"]
[Result "1/2-1/2"]
[WhiteElo "2028"]
[BlackElo "2137"]
[PlyCount "79"]
[EventDate "2003.06.??"]
[EventType "swiss"]
[EventRounds "9"]
[EventCountry "GER"]
[SourceTitle "EXT 2006"]
[Source "ChessBase"]
[SourceDate "2005.11.24"]
[SourceVersion "1"]
[SourceVersionDate "2005.11.24"]
[SourceQuality "1"]

1. d4 Nf6 2. c4 g6 3. Nc3 d5 4. Nf3 Bg7 5. Bg5 Ne4 6. cxd5 Nxg5 7. Nxg5 e5 8. Nf3 exd4 9. Nxd4 c6 10. e3 0-0 11. dxc6 Nxc6 12. Nxc6 Bxc3+ 13. bxc3 bxc6 14. Qxd8 Rxd8 15. Bc4 Rb8 16. Bb3 Ba6 17. Rd1 Kf8 18. f3 Ke7 19. Kf2 c5 20. Rxd8 Rxd8 21. Rd1 Rb8 22. Rd2 c4 23. Ba4 Bc8 24. e4 Be6 25. Ke3 Rb6 26. h3 Ra6 27. Bd1 Rb6 28. f4 f6 29. g4 f5 30. gxf5 gxf5 31. e5 Rb8 32. Bf3 Rb1 33. h4 Rc1 34. Be2 Rxc3+ 35. Kd4 Rh3 36. Bxc4 Bxc4 37. Kxc4 Rxh4 38. Rf2 Kd7 39. Kd5 Rh1 40. Rd2 1/2-1/2

[Event "Wuerttemberg-ch Seniors 15th"]
[Site "Ellwangen"]
[Date "2003.04.18"]
[Round "8"]
[White "Rettler, Heinz"]
[Black "Foltas, Hermann"]
[Result "0-1"]
[WhiteElo "1862"]
[BlackElo "1991"]
[PlyCount "98"]
[EventDate "2003.04.??"]
[EventType "swiss"]
[EventRounds "9"]
[EventCountry "GER"]
[SourceTitle "EXT 2006"]
[Source "ChessBase"]
[SourceDate "2005.11.24"]
[SourceVersion "1"]
[SourceVersionDate "2005.11.24"]
[SourceQuality "1"]

1. e4 e5 2. Nf3 d6 3. d4 Nf6 4. Nc3 Nbd7 5. Be2 Be7 6. 0-0 c6 7. h3 h6 8. Bd3 exd4 9. Nxd4 Nc5 10. Be3 Nxd3 11. Qxd3 d5 12. exd5 Nxd5 13. Nxd5 Qxd5 14. Rfe1 0-0 15. Qe2 Bf6 16. c3 a6 17. Qf3 Qxf3 18. Nxf3 Be6 19. Bb6 Rfe8 20. a3 g6 21. Rad1 Rac8 22. Bd4 Be7 23. Be3 Kh7 24. Ne5 c5 25. Nf3 Red8 26. Rxd8 Rxd8 27. Rc1 b5 28. Kf1 g5 29. Ke1 Bb3 30. Ne5 Bf8 31. Nc6 Rc8 32. Na5 Bd5 33. Kf1 Rd8 34. Kg1 c4 35. Rd1 Rd7 36. Bb6 Kg6 37. f3 f5 38. Kf2 Kf7 39. Kf1 g4 40. hxg4 fxg4 41. fxg4 Bxg2+ 42. Ke1 Rxd1+ 43. Kxd1 Ke6 44. Ke2 Ke5 45. Bc7+ Bd6 46. Bxd6+ Kxd6 47. a4 Bd5 48. axb5 axb5 49. Ke3 Ke5 0-1

[Event "Wuerttemberg-ch Seniors 15th"]
[Site "Ellwangen"]
[Date "2003.04.13"]
[Round "3"]
[White "Mack, Guenther"]
[Black "Rettler, Heinz"]
[Result "0-1"]
[WhiteElo "1693"]
[BlackElo "1862"]
[PlyCount "121"]
[EventDate "2003.04.??"]
[EventType "swiss"]
[EventRounds "9"]
[EventCountry "GER"]
[SourceTitle "EXT 2006"]
[Source "ChessBase"]
[SourceDate "2005.11.24"]
[SourceVersion "1"]
[SourceVersionDate "2005.11.24"]
[SourceQuality "1"]

1. e4 e6 2. d4 d5 3. Nd2 Nf6 4. e5 Nfd7 5. f4 c5 6. c3 Nc6 7. Ndf3 Qb6 8. Ne2 cxd4 9. Nexd4 Nxd4 10. Nxd4 Bc5 11. b4 Be7 12. Be3 Qd8 13. Bd3 g6 14. Qb3 0-0 15. 0-0 Nb6 16. a4 a6 17. a5 Nd7 18. c4 dxc4 19. Bxc4 Nb8 20. Rfd1 Qe8 21. f5 gxf5 22. Bh6 Kh8 23. Bxf8 Qxf8 24. b5 Nd7 25. Qg3 Nc5 26. Bd3 Bd7 27. bxa6 bxa6 28. Bc2 Rc8 29. Nb3 Nxb3 30. Bxb3 Bb5 31. h3 Rc5 32. Ba4 Qb8 33. Bxb5 Rxb5 34. Rd6 Bxd6 35. exd6 Rd5 36. Qc3+ Kg8 37. Qc7 Qxc7 38. dxc7 Rc5 39. Rb1 Rxc7 40. Rb6 Ra7 41. Kf2 Kg7 42. Ke3 e5 43. g4 fxg4 44. hxg4 f6 45. Ke4 Kg6 46. Rc6 Kg5 47. Rb6 Rd7 48. Rxa6 Rd4+ 49. Ke3 Rxg4 50. Ra8 Ra4 51. a6 h5 52. a7 Kf5 53. Rh8 Rxa7 54. Rxh5+ Ke6 55. Ke4 Ra4+ 56. Ke3 f5 57. Rh8 Ra3+ 58. Ke2 Kd5 59. Rd8+ Ke4 60. Rb8 Ra2+ 61. Ke1 0-1

[Event "Wuerttemberg-ch Seniors 15th"]
[Site "Ellwangen"]
[Date "2003.04.11"]
[Round "1"]
[White "Schewe, Hans"]
[Black "Rettler, Heinz"]
[Result "1/2-1/2"]
[WhiteElo "1690"]
[BlackElo "1862"]
[PlyCount "93"]
[EventDate "2003.04.??"]
[EventType "swiss"]
[EventRounds "9"]
[EventCountry "GER"]
[SourceTitle "EXT 2006"]
[Source "ChessBase"]
[SourceDate "2005.11.24"]
[SourceVersion "1"]
[SourceVersionDate "2005.11.24"]
[SourceQuality "1"]

1. d4 Nf6 2. Nf3 g6 3. c4 Bg7 4. Nc3 d5 5. Bf4 0-0 6. e3 c6 7. Bd3 e6 8. Qc2 Nbd7 9. h4 dxc4 10. Bxc4 Nb6 11. Be2 Nbd5 12. Bh2 Qa5 13. 0-0 Nxc3 14. bxc3 Ng4 15. Bd6 Re8 16. Nh2 Nxh2 17. Kxh2 e5 18. g3 Qd5 19. dxe5 Bxe5 20. Rfd1 Qe6 21. Bxe5 Qxe5 22. Rd4 c5 23. Rf4 Bf5 24. Qb3 b6 25. Bc4 Re7 26. Rd1 Qc7 27. h5 Kg7 28. Bd5 Rae8 29. c4 Qe5 30. hxg6 hxg6 31. e4 Be6 32. Bxe6 fxe6 33. Qf3 Rh8+ 34. Kg1 Qh5 35. Qxh5 Rxh5 36. Rd6 Rh8 37. Kg2 Rb8 38. a4 a6 39. e5 g5 40. Rf6 b5 41. cxb5 axb5 42. axb5 Rxb5 43. Rfxe6 Rxe6 44. Rxe6 c4 45. Rc6 Rxe5 46. Rxc4 Kg6 47. g4 1/2-1/2

[Event "Wch Seniors 13th"]
[Site "Bad Zwischenahn"]
[Date "2003.??.??"]
[Round "?"]
[White "Chernikov, Oleg L"]
[Black "Rettler, Heinz"]
[Result "1-0"]
[WhiteElo "2453"]
[BlackElo "1875"]
[PlyCount "79"]
[EventDate "2003.11.16"]
[EventType "swiss"]
[EventRounds "11"]
[EventCountry "GER"]
[SourceTitle "CBM 097 Extra"]
[Source "ChessBase"]
[SourceDate "2004.01.13"]
[SourceVersion "1"]
[SourceVersionDate "2004.01.13"]
[SourceQuality "1"]

1. d4 Nf6 2. Bg5 Ne4 3. Bf4 d5 4. f3 Nd6 5. Nc3 c6 6. e4 e6 7. Nge2 Qa5 8. Nc1 Nd7 9. Nb3 Qd8 10. Be2 Be7 11. 0-0 0-0 12. Qe1 Ne8 13. Rd1 Bd6 14. Qg3 Bxf4 15. Qxf4 b6 16. Nb1 Bb7 17. c4 Ba6 18. Na3 Rc8 19. Rde1 Bb7 20. Bd3 Qf6 21. Qg3 Qg6 22. Qh3 Qh6 23. Qxh6 gxh6 24. e5 Ng7 25. Rc1 Kh8 26. c5 bxc5 27. Nxc5 Nxc5 28. Rxc5 Rg8 29. Nc2 a6 30. Rc1 a5 31. Rxa5 Ra8 32. Rxa8 Rxa8 33. Nb4 Ba6 34. Rxc6 Bxd3 35. Rc7 Bg6 36. a3 Rb8 37. Kf2 Kg8 38. Ke3 h5 39. h4 Nf5+ 40. Kd2 1-0

[Event "Wch Seniors 13th"]
[Site "Bad Zwischenahn"]
[Date "2003.??.??"]
[Round "?"]
[White "Rettler, Heinz"]
[Black "Perk, Egbert"]
[Result "0-1"]
[WhiteElo "1875"]
[BlackElo "1880"]
[PlyCount "88"]
[EventDate "2003.11.16"]
[EventType "swiss"]
[EventRounds "11"]
[EventCountry "GER"]
[SourceTitle "CBM 097 Extra"]
[Source "ChessBase"]
[SourceDate "2004.01.13"]
[SourceVersion "1"]
[SourceVersionDate "2004.01.13"]
[SourceQuality "1"]

1. e4 c6 2. d4 d5 3. Nc3 dxe4 4. Nxe4 Nf6 5. Nxf6+ exf6 6. Nf3 Bd6 7. h3 0-0 8. Be2 Re8 9. 0-0 Nd7 10. c3 Nf8 11. Bd3 Be6 12. Bd2 Qc7 13. Re1 g5 14. Qc2 Bd5 15. Be4 Bxe4 16. Rxe4 Qd7 17. Rae1 Rxe4 18. Qxe4 Ng6 19. Qe2 h6 20. Kh1 Kg7 21. Bc1 h5 22. Nh2 Rh8 23. Kg1 g4 24. Qd3 f5 25. Nf1 f4 26. Bd2 Rg8 27. Kh1 Re8 28. Rxe8 Qxe8 29. hxg4 hxg4 30. Kg1 Qe6 31. c4 Kg8 32. Bc3 Kf8 33. b3 Ke7 34. b4 b5 35. cxb5 Qd5 36. bxc6 f5 37. Qe2+ Kf7 38. b5 f3 39. Qe3 Nf4 40. a4 Qe4 41. a5 Qxe3 42. Nxe3 Ne2+ 43. Kh1 fxg2+ 44. Kxg2 Nxc3 0-1

[Event "Wch Seniors 12th"]
[Site "Naumburg"]
[Date "2002.10.31"]
[Round "9"]
[White "Rubinstein, Mark"]
[Black "Rettler, Heinz"]
[Result "1/2-1/2"]
[WhiteElo "2012"]
[BlackElo "2167"]
[PlyCount "120"]
[EventDate "2002.10.21"]
[EventType "swiss"]
[EventRounds "11"]
[EventCountry "GER"]
[SourceTitle "EXT 2006"]
[Source "ChessBase"]
[SourceDate "2005.11.24"]
[SourceVersion "1"]
[SourceVersionDate "2005.11.24"]
[SourceQuality "1"]

1. d4 Nf6 2. Nf3 g6 3. Bg5 Bg7 4. e3 0-0 5. Bd3 d6 6. c3 c5 7. Nbd2 cxd4 8. cxd4 Nc6 9. 0-0 Bd7 10. a3 a6 11. b4 b5 12. Rb1 Qb6 13. Nb3 Be6 14. Qe2 Rfe8 15. Rfd1 Rac8 16. h3 h6 17. Bf4 Nd5 18. Qd2 Nxf4 19. exf4 Bxb3 20. Rxb3 Nxd4 21. Nxd4 Qxd4 22. f5 g5 23. a4 Rc3 24. Rxc3 Qxc3 25. axb5 Qxd2 26. Rxd2 axb5 27. Re2 Kf8 28. Rc2 Rb8 29. Rc7 Bb2 30. Ra7 Bc3 31. Ra5 Bxb4 32. Rxb5 Rxb5 33. Bxb5 Kg7 34. g4 Kf6 35. Kg2 e6 36. Bd3 Ke5 37. Kf3 Kd4 38. Ke2 Ba5 39. f3 Bc7 40. Bb5 Ke5 41. Be8 Kf6 42. fxe6 fxe6 43. Bd7 Bb6 44. Ba4 d5 45. Bb5 Ke5 46. Bd7 Kd6 47. Ba4 Bg1 48. Kd3 Ke5 49. Bd7 d4 50. Ke2 Be3 51. Bc8 Bg1 52. Bd7 Be3 53. Bc8 Bc1 54. Bd7 Kd5 55. Bc8 Ke5 56. Bd7 Kf4 57. Bxe6 Kg3 58. Bf5 Kxh3 59. Bg6 Kg3 60. Bd3 Kf4 1/2-1/2

[Event "Wch Seniors 12th"]
[Site "Naumburg"]
[Date "2002.10.30"]
[Round "8"]
[White "Rettler, Heinz"]
[Black "Schober, Manfred"]
[Result "0-1"]
[WhiteElo "2167"]
[BlackElo "2047"]
[PlyCount "74"]
[EventDate "2002.10.21"]
[EventType "swiss"]
[EventRounds "11"]
[EventCountry "GER"]
[SourceTitle "EXT 2006"]
[Source "ChessBase"]
[SourceDate "2005.11.24"]
[SourceVersion "1"]
[SourceVersionDate "2005.11.24"]
[SourceQuality "1"]

1. e4 e5 2. Nf3 Nc6 3. Bb5 f5 4. Nc3 Nf6 5. d4 Nxd4 6. Nxd4 exd4 7. Qxd4 c6 8. Bd3 fxe4 9. Nxe4 Nxe4 10. Bxe4 d5 11. Bf3 Qe7+ 12. Be3 Qb4+ 13. c3 Qxd4 14. Bxd4 Bd6 15. 0-0 Rg8 16. Rfe1+ Kd8 17. b4 Bd7 18. a4 a5 19. Reb1 Kc7 20. h3 g5 21. Rb2 g4 22. hxg4 Bxg4 23. Bxg4 Rxg4 24. f3 Rf4 25. Be3 Rc4 26. bxa5 Rxc3 27. Bb6+ Kc8 28. Re2 Kd7 29. Rae1 Rg8 30. Re3 Rc2 31. R3e2 Rc4 32. Re6 c5 33. Rf6 Rf8 34. Rh6 Rf7 35. Ree6 Bg3 36. Kf1 Rc1+ 37. Ke2 Re1+ 0-1

[Event "Wch Seniors 12th"]
[Site "Naumburg"]
[Date "2002.10.29"]
[Round "7"]
[White "Scheide, Helmut"]
[Black "Rettler, Heinz"]
[Result "0-1"]
[WhiteElo "2014"]
[BlackElo "2167"]
[PlyCount "62"]
[EventDate "2002.10.21"]
[EventType "swiss"]
[EventRounds "11"]
[EventCountry "GER"]
[SourceTitle "EXT 2006"]
[Source "ChessBase"]
[SourceDate "2005.11.24"]
[SourceVersion "1"]
[SourceVersionDate "2005.11.24"]
[SourceQuality "1"]

1. d4 Nf6 2. c4 g6 3. Nc3 d5 4. Qb3 dxc4 5. Qxc4 Bg7 6. Bf4 c6 7. e4 0-0 8. Nf3 Be6 9. Qd3 Qb6 10. Ng5 Bd7 11. Be2 h6 12. Nf3 Bg4 13. 0-0 Nbd7 14. Rfd1 Rfd8 15. Qc4 Be6 16. d5 cxd5 17. exd5 Rdc8 18. Qd3 Bf5 19. Qd2 Ne4 20. Nxe4 Bxe4 21. Bxh6 Rc2 22. Qf4 Rxe2 23. Ng5 Qf6 24. Qxf6 Nxf6 25. Bxg7 Kxg7 26. d6 exd6 27. Rxd6 Bc6 28. b3 Rae8 29. h3 Re1+ 30. Rxe1 Rxe1+ 31. Kh2 Re2 0-1

[Event "Wuerttemberg-ch Seniors 14th"]
[Site "Ellwangen"]
[Date "2002.??.??"]
[Round "4"]
[White "Moeller, Bruno"]
[Black "Rettler, Heinz"]
[Result "1/2-1/2"]
[WhiteElo "1820"]
[BlackElo "1975"]
[PlyCount "101"]
[EventDate "2002.03.30"]
[EventType "swiss"]
[EventRounds "9"]
[EventCountry "GER"]
[SourceTitle "EXT 2006"]
[Source "ChessBase"]
[SourceDate "2005.11.24"]
[SourceVersion "1"]
[SourceVersionDate "2005.11.24"]
[SourceQuality "1"]

1. d4 Nf6 2. c4 g6 3. Nc3 Bg7 4. g3 0-0 5. e4 d6 6. Bg2 Nc6 7. Be3 e5 8. Nge2 Ng4 9. 0-0 exd4 10. Bxd4 Nxd4 11. Nxd4 Ne5 12. Qe2 Bd7 13. Rad1 a5 14. Nd5 Kh8 15. Ne3 Qc8 16. b3 Ng4 17. Nxg4 Bxg4 18. f3 Bd7 19. Nb5 Bc6 20. a4 b6 21. Rd3 Qd8 22. Rfd1 Qe7 23. Nc3 Bxc3 24. Rxc3 Rae8 25. Re3 f5 26. Re1 fxe4 27. fxe4 Qe5 28. Qd3 Re7 29. Rf3 Rfe8 30. Rf4 Kg7 31. Ref1 Bd7 32. Qf3 Be6 33. Rf8 Bg8 34. h3 Rxf8 35. Qxf8+ Kh8 36. Qd8 Qg7 37. Rf8 Rf7 38. Rxf7 Qxf7 39. e5 dxe5 40. Bd5 Qg7 41. Kg2 h6 42. h4 h5 43. Bxg8 Qxg8 44. Qxc7 Qe6 45. Qd8+ Kg7 46. Qd5 Qxd5+ 47. cxd5 Kf6 48. Kf3 Ke7 49. Ke4 Kd7 50. Kd3 Ke7 51. Kc3 1/2-1/2

[Event "Wuerttemberg-ch Seniors 14th"]
[Site "Ellwangen"]
[Date "2002.??.??"]
[Round "1"]
[White "Rettler, Heinz"]
[Black "Detmer, Herbert"]
[Result "1-0"]
[WhiteElo "1975"]
[BlackElo "1423"]
[PlyCount "111"]
[EventDate "2002.03.30"]
[EventType "swiss"]
[EventRounds "9"]
[EventCountry "GER"]
[SourceTitle "EXT 2006"]
[Source "ChessBase"]
[SourceDate "2005.11.24"]
[SourceVersion "1"]
[SourceVersionDate "2005.11.24"]
[SourceQuality "1"]

1. e4 c5 2. Nf3 Nc6 3. d4 cxd4 4. Nxd4 Nf6 5. Nc3 e6 6. Ndb5 d6 7. Bf4 e5 8. Bg5 a6 9. Na3 Be7 10. Bxf6 gxf6 11. Nd5 Be6 12. Ne3 Qa5+ 13. c3 Qc7 14. Nac2 Qd7 15. Qd3 0-0-0 16. c4 Kb8 17. Be2 h5 18. 0-0-0 Qc7 19. Kb1 Qa5 20. a3 Rdg8 21. Rhg1 Qb6 22. f3 Rd8 23. Nd5 Bxd5 24. exd5 Na7 25. Ne3 Nc8 26. Ka2 a5 27. Rb1 Qa7 28. b3 Nb6 29. Nf5 Nc8 30. Rgf1 h4 31. Rb2 Rdg8 32. Bd1 Bf8 33. Qe4 Rg5 34. Nxh4 Rgh5 35. g3 Ne7 36. f4 f5 37. Qc2 e4 38. Bxh5 Rxh5 39. Qe2 Bg7 40. Rc2 Rxh4 41. gxh4 Qd4 42. Rd1 Qf6 43. Qf2 Ng6 44. Rg1 Qd4 45. h5 e3 46. Qg2 Qxf4 47. hxg6 f6 48. Qg3 Qe5 49. Qxe5 fxe5 50. Re2 f4 51. Kb1 e4 52. Kc2 Bd4 53. g7 f3 54. g8Q+ Ka7 55. Kd1 f2 56. Rf1 1-0